书目信息 |
| 题名: |
外墙外保温系统中的质量问题及对策
|
|
| 作者: | 福格特 , 齐斯谢尔斯基 编著 ;汪峻峰 译 | |
| 分册: | ||
| 出版信息: | 北京 机械工业出版社 2007.01 |
|
| 页数: | 10, 152页 | |
| 开本: | 24cm | |
| 丛书名: | 无质量隐患的建筑物 | |
| 单 册: | ||
| 中图分类: | TU111.4 | |
| 科图分类: | ||
| 主题词: | 建筑物--jian zhu wu--墙--保温--质量控制 | |
| 电子资源: | ||
| ISBN: | 7-111-19839-5 | |
| 000 | 01231nam 2200265 450 | |
| 001 | 012007813778 | |
| 005 | 20070928162201.34 | |
| 010 | @a7-111-19839-5@dCNY49.00 | |
| 100 | @a20070814d2007 km y0chiy0120 ea | |
| 101 | 0 | @achi |
| 102 | @aCN@b110000 | |
| 105 | @aa z 000yy | |
| 200 | 1 | @a外墙外保温系统中的质量问题及对策@Awai qiang wai bao wen xi tong zhong de zhi liang wen ti ji dui ce@f(德) Erich Cziesielski, Frank Ulrich Vogdt编著@F(de)Erich Cziesielski,Frank Ulrich Vogdt bian zhu@g汪峻峰译@Gwang jun feng yi |
| 210 | @a北京@c机械工业出版社@d2007.01 | |
| 215 | @a10, 152页@c图@d24cm | |
| 225 | 2 | @a无质量隐患的建筑物@Awu zhi liang yin huan de jian zhu wu |
| 330 | @a本书对外墙外保温系统中的质量问题进行了描述,主要内容包括:对外墙外保温系统的要求、外墙外保温系统的结构、外墙外保温系统的组成、外墙外保温系统的承载性、结构细节、在外保温系统中可能出现的质量事故的情况。 | |
| 410 | 0 | @12001 @a无质量隐患的建筑物 |
| 606 | 0 | @a建筑物@Ajian zhu wu@x墙@x保温@x质量控制 |
| 690 | @aTU111.4@v4 | |
| 701 | 1 | @a福格特@Afu ge te@g(Vogdt, Frank Ulrich)@4编著 |
| 701 | 1 | @a齐斯谢尔斯基@Aqi si xie er si ji@g(Cziesielski, Erich)@4编著 |
| 702 | 0 | @a汪峻峰@Awang jun feng@4译 |
| 801 | 0 | @aCN@c20070928 |
| 905 | @dTU111.4@eQ067 | |
| 外墙外保温系统中的质量问题及对策/(德) Erich Cziesielski, Frank Ulrich Vogdt编著/汪峻峰译.-北京:机械工业出版社,2007.01 |
| 10, 152页:图;24cm.-(无质量隐患的建筑物) |
| ISBN 7-111-19839-5:CNY49.00 |
| 本书对外墙外保温系统中的质量问题进行了描述,主要内容包括:对外墙外保温系统的要求、外墙外保温系统的结构、外墙外保温系统的组成、外墙外保温系统的承载性、结构细节、在外保温系统中可能出现的质量事故的情况。 |
| ● |
| 相关链接 |
|
|
|
正题名:外墙外保温系统中的质量问题及对策
索取号:TU111.4/Q067
 
预约/预借
| 序号 | 登录号 | 条形码 | 馆藏地/架位号 | 状态 | 备注 |
| 1 | 247634 | 202476347 | 建筑库101/101建筑库 24排3列4层/ [索取号:TU111.4/Q067] | 在馆 | |
| 2 | 247635 | 202476356 | 建筑库101/101建筑库 24排3列4层/ [索取号:TU111.4/Q067] | 在馆 | |
| 3 | 247636 | 202476365 | 建筑库101/101建筑库 24排3列4层/ [索取号:TU111.4/Q067] | 在馆 |